| 000 | 00570cam a2200181 a 4500 | ||
|---|---|---|---|
| 001 | 000002358 | ||
| 005 | 20200929150204.0 | ||
| 008 | 770609s1963 sp 001 f spa | ||
| 040 |
_aDO-SdBNP _bspa _cBNPHU |
||
| 082 |
_a843.9 _bM975m, 1963 |
||
| 100 | 1 |
_aMure, Pierre La _d1909 - 1976 _97491 |
|
| 245 | 1 | 0 |
_aMoulin Rouge ; / _cPierre La Mure; Traducción, Rafael Santos Torroella. |
| 250 | _a9a ed. | ||
| 260 |
_aBarcelona : _bÉxito , _c1963. |
||
| 300 |
_a379 p. ; _c20 cm. |
||
| 650 | 4 |
_aNovela francesa _91075 |
|
| 700 | 1 |
_aSantos Torroella, Rafael _d1914-2002 _etr. _97492 |
|
| 999 |
_c2200 _d2200 |
||